Business law today : (Record no. 3556)

MARC details
000 -LEADER
fixed length control field 01147cam a2200301 a 4500
001 - CONTROL NUMBER
control field 15923865
003 - CONTROL NUMBER IDENTIFIER
control field 20170111104931.0
005 - DATE AND TIME OF LATEST TRANSACTION
control field 20240606080917.0
008 - FIXED-LENGTH DATA ELEMENTS--GENERAL INFORMATION
fixed length control field 090928s2011 ohua b 001 0 eng
010 ## - LIBRARY OF CONGRESS CONTROL NUMBER
LC control number 2009937995
020 ## - INTERNATIONAL STANDARD BOOK NUMBER
International Standard Book Number 9780324786156 (Student ed. : pbk.)
020 ## - INTERNATIONAL STANDARD BOOK NUMBER
International Standard Book Number 0324786158 (Student ed. : pbk.)
040 ## - CATALOGING SOURCE
Original cataloging agency DLC
Transcribing agency DLC
Modifying agency DLC
043 ## - GEOGRAPHIC AREA CODE
Geographic area code n-us---
050 00 - LIBRARY OF CONGRESS CALL NUMBER
Classification number KF889
Item number .M527 2011
100 1# - MAIN ENTRY--PERSONAL NAME
Personal name Miller, Roger LeRoy.
245 10 - TITLE STATEMENT
Title Business law today :
Remainder of title the essentials : text & summarized cases : e-commerce, legal, ethical, and international environment /
250 ## - EDITION STATEMENT
Edition statement 9th ed.
260 ## - PUBLICATION, DISTRIBUTION, ETC.
Place of publication, distribution, etc. Mason, OH :
Name of publisher, distributor, etc. South-Western Cengage Learning,
Date of publication, distribution, etc. c2011.
300 ## - PHYSICAL DESCRIPTION
Extent xxv, 737, [97] p. :
Other physical details ill. (some col.) ;
Dimensions 26 cm.
504 ## - BIBLIOGRAPHY, ETC. NOTE
Bibliography, etc. note Includes bibliographical references and index.
650 #0 - SUBJECT ADDED ENTRY--TOPICAL TERM
Topical term or geographic name entry element Commercial law
Geographic subdivision United States.
700 1# - ADDED ENTRY--PERSONAL NAME
Personal name Jentz, Gaylord A.
906 ## - LOCAL DATA ELEMENT F, LDF (RLIN)
a 7
b cbc
c origcop
d 2
e epcn
f 20
g y-gencatlg
942 ## - ADDED ENTRY ELEMENTS (KOHA)
Source of classification or shelving scheme Library of Congress Classification
Koha item type Books
Holdings
Withdrawn status Lost status Source of classification or shelving scheme Damaged status Not for loan Home library Current library Date acquired Total checkouts Full call number Barcode Date last seen Price effective from Koha item type
    Library of Congress Classification     Murang'a University of Technology Library Murang'a University of Technology Library 11/01/2017   KF889 .M527 2011 003728 30/08/2024 11/01/2017 Books